000 01624nam1a22002651i 4500
001 v19\rc\2047945
005 20260406203712.0
035 _a(NLR Aleph) 005145858
090 _a4851117
_c4851117
100 _a20081111g19061916|||y0rusy50 ca
101 0 _arus
_amol
102 _aRU
105 _ay z |||||
200 1 _aИздание Православного Кишиневского Христо-рождественского братства
_e№ 132-
210 _aКишинев
_dц1906-ц1916-1916
300 _aЗагл. в № 444-447: "Издание Совета Христо-рождественского братства", в № 448: "Издание Совета Кишиневского Христо-рождественского братства", с № 450: "Издание Совета Кишиневского православного Христо-рождественского братства", в №№ 147-442 общ. загл. отсутствует
300 _aВ №№ 138-178, 326, 343-349, 351-380, 409-410, 412-426, 428-434, 436-442, 444-448, 450-456, 458, 460-465, 494, и с № 496 текст парал. на рус. и молд. яз.
300 _a№№ 4, 5, 9, 11, 15, 22 по инвентарю не числятся
309 _aБез тит. л. и обл.
710 0 2 _aКишиневское православное Христо-Рождественское братство
_3RU\NLR\AUTH\889963963
_9424166
801 0 _aRU
_bNLR
_gpsbo
801 1 _aRU
_bProSoft-M
_2rusmarc
852 _aNLR
_j20.109.9.24
852 _aNLR
_j+Шифры разные
942 _cBOOK